| 000 | 00554nam a2200181Ia 4500 | ||
|---|---|---|---|
| 003 | GCL | ||
| 008 | 140319s9999 xx 000 0 ara d | ||
| 040 |
_aGCL / _cGCL |
||
| 082 | 0 | 4 |
_a370.7 _bع ت |
| 100 | 1 | _aعبدالحميد فهمى مطر | |
| 245 | 1 | 0 |
_aالتعليم والمتعطلين فى مصر / _cعبدالحميد فهمى مطر |
| 300 | _a343 ص | ||
| 490 |
_aالهيئة العامة للاستعلامات _v0 |
||
| 650 | 0 | 4 | _aالتعليم |
| 650 | 0 | 4 | _aالمدرسون |
| 650 | 0 | 4 | _aالتعليم - مصر |
| 942 |
_2ddc _cBK |
||
| 999 |
_c50462 _d50462 |
||